000 00432nam a2200181Ia 4500
003 GCL
008 140319s9999 xx 000 0 eng d
040 _aGCL /
_cGCL
082 0 4 _aCH
_b823.087
_bH K
100 1 _aHAGGARD, HRIDER
245 1 0 _aKING SOLOMON'S MINES /
_cHAGGARD, HRIDER
260 _a[S.N] :
_bLODYBIRD BOOKS
300 _a51
650 0 4 _aLITERATURE
650 0 4 _aCHILDREN
650 0 4 _aTALES
942 _2ddc
_cBK
999 _c17955
_d17955